| 000 -LEADER |
| fixed length control field |
00760nam a2200241Ia 4500 |
| 001 - CONTROL NUMBER |
| control field |
14015 |
| 003 - CONTROL NUMBER IDENTIFIER |
| control field |
GE_BSU |
| 008 - FIXED-LENGTH DATA ELEMENTS--GENERAL INFORMATION |
| fixed length control field |
181216s||||||||xx |||||||||||||| ||und|| |
| 020 ## - INTERNATIONAL STANDARD BOOK NUMBER |
| International Standard Book Number |
5274003540 |
| 040 ## - CATALOGING SOURCE |
| Transcribing agency |
GE_BSU |
| 080 ## - UNIVERSAL DECIMAL CLASSIFICATION NUMBER |
| Universal Decimal Classification number |
696.6(075.32) |
| 100 ## - MAIN ENTRY--PERSONAL NAME |
| Personal name |
Постников,Н.П. Рубашов,Г.М. |
| 245 ## - TITLE STATEMENT |
| Title |
Электроснабжение промышленных предприятий. |
| 245 ## - TITLE STATEMENT |
| Remainder of title |
Учебник. |
| 245 ## - TITLE STATEMENT |
| Statement of responsibility, etc. |
Ред. В.А.Ануфриев. |
| 250 ## - EDITION STATEMENT |
| Edition statement |
Изд. 2-е, перераб. и доп. |
| 260 ## - PUBLICATION, DISTRIBUTION, ETC. |
| Place of publication, distribution, etc. |
Л. |
| 260 ## - PUBLICATION, DISTRIBUTION, ETC. |
| Name of publisher, distributor, etc. |
Стройиздат. |
| 260 ## - PUBLICATION, DISTRIBUTION, ETC. |
| Date of publication, distribution, etc. |
1989. |
| 300 ## - PHYSICAL DESCRIPTION |
| Extent |
352 стр. с илл. |
| 653 ## - INDEX TERM--UNCONTROLLED |
| Uncontrolled term |
Электроснабжение промышленных предприятий. |
| 942 ## - ADDED ENTRY ELEMENTS (KOHA) |
| Koha item type |
წიგნი |